| 000 | 00736cam a2200241 a 4500 | ||
|---|---|---|---|
| 001 | 1546098 | ||
| 005 | 20180208033623.0 | ||
| 008 | 911212s1992 ctua b 001 0 eng | ||
| 010 | _a 91077534 | ||
| 020 | _a087967931X | ||
| 040 |
_aDLC _cDLC _dDLC |
||
| 041 | _aeng | ||
| 043 | _an-us--- | ||
| 080 | _a370.1 | ||
| 082 | 0 | 0 |
_a370.1 REE _220 |
| 100 | 1 | _a46 | |
| 101 | _aEDU | ||
| 245 | 1 | 0 |
_aIn the classroom : _cArthea J.S. Reed and Verna E. Bergemann. |
| 504 | _aIncludes bibliographical references (p. 569-588) and indexes. | ||
| 906 |
_a7 _bcbc _corignew _d3 _eopcn _f19 _gy-gencatlg |
||
| 942 |
_2ddc _cBK |
||
| 999 |
_c42071 _d42071 |
||